00363 2200157 4500245003200000020002200032250001100054100001900065650001600084005001900100260002600119041001400145084000800159300002900167336000900196 aPetercRisa SaraswatihText a978-602-220-188-5 aCet. 1 aRisa Saraswati aNovel Horor a20230929093757 aJakartabBukunec2016 aIndonesia a813 aviii, 176 hlm. :c20 cm. atext